Nurse's Quick Check. Fluids & Electrolytes / (Record no. 15237)
[ view plain ]
| 000 -LEADER | |
|---|---|
| fixed length control field | 01620cam a22003614a 4500 |
| 001 - CONTROL NUMBER | |
| control field | 13820820 |
| 005 - DATE AND TIME OF LATEST TRANSACTION | |
| control field | 20070410081348.0 |
| 008 - FIXED-LENGTH DATA ELEMENTS--GENERAL INFORMATION | |
| fixed length control field | 041217s2006 paua bf 001 0 eng |
| 010 ## - LIBRARY OF CONGRESS CONTROL NUMBER | |
| LC control number | 2004030205 |
| 020 ## - INTERNATIONAL STANDARD BOOK NUMBER | |
| International Standard Book Number | 1582554145 |
| 020 ## - INTERNATIONAL STANDARD BOOK NUMBER | |
| International Standard Book Number | 9781582554143 |
| 035 ## - SYSTEM CONTROL NUMBER | |
| System control number | (DNLM)101236591 |
| 040 ## - CATALOGING SOURCE | |
| Original cataloging agency | DNLM/DLC |
| Transcribing agency | DLC |
| Modifying agency | DLC |
| 042 ## - AUTHENTICATION CODE | |
| Authentication code | pcc |
| 050 00 - LIBRARY OF CONGRESS CALL NUMBER | |
| Classification number | RT48.6 |
| Item number | .N855 2006 |
| 060 10 - NATIONAL LIBRARY OF MEDICINE CALL NUMBER | |
| Classification number | WY 49 |
| Item number | N97415 2006 |
| 082 00 - DEWEY DECIMAL CLASSIFICATION NUMBER | |
| Classification number | 616.39920231 |
| Edition number | 22 |
| Item number | FLU |
| 245 00 - TITLE STATEMENT | |
| Title | Nurse's Quick Check. Fluids & Electrolytes / |
| 246 ## - VARYING FORM OF TITLE | |
| Title proper/short title | Fluids & Electrolytes |
| 260 ## - PUBLICATION, DISTRIBUTION, ETC. (IMPRINT) | |
| Place of publication, distribution, etc | Ambler, PA : |
| Name of publisher, distributor, etc | Lippincott Williams & Wilkins, 2006 |
| Date of publication, distribution, etc | c2006. |
| 300 ## - PHYSICAL DESCRIPTION | |
| Extent | vii, 309 p. : |
| Other physical details | ill. ; |
| Dimensions | 25 cm. |
| 504 ## - BIBLIOGRAPHY, ETC. NOTE | |
| Bibliography, etc | Includes bibliographical references (p. 294-295) and index. |
| 650 #0 - SUBJECT ADDED ENTRY--TOPICAL TERM | |
| Topical term or geographic name as entry element | Water-electrolyte imbalances |
| Form subdivision | Handbooks, manuals, etc |
| 9 (RLIN) | 23568 |
| General subdivision | Nursing |
| 650 12 - SUBJECT ADDED ENTRY--TOPICAL TERM | |
| Topical term or geographic name as entry element | Water-electrolyte balance (Physiology) |
| General subdivision | Methods |
| Form subdivision | Handbooks, manuals, etc |
| 9 (RLIN) | 23569 |
| 650 12 - SUBJECT ADDED ENTRY--TOPICAL TERM | |
| Topical term or geographic name as entry element | Nursing Care |
| Form subdivision | Handbooks. |
| 9 (RLIN) | 12072 |
| 653 ## - INDEX TERM--UNCONTROLLED | |
| Resource For college | |
| Arrived date list | April2011 |
| 710 2# - ADDED ENTRY--CORPORATE NAME | |
| Corporate name or jurisdiction name as entry element | Lippincott Williams & Wilkins. |
| 9 (RLIN) | 23570 |
| 856 41 - ELECTRONIC LOCATION AND ACCESS | |
| Materials specified | Table of contents |
| Uniform Resource Identifier | <a href="http://www.loc.gov/catdir/toc/ecip055/2004030205.html">http://www.loc.gov/catdir/toc/ecip055/2004030205.html</a> |
| 856 42 - ELECTRONIC LOCATION AND ACCESS | |
| Materials specified | Publisher description |
| Uniform Resource Identifier | <a href="http://www.loc.gov/catdir/enhancements/fy0712/2004030205-d.html">http://www.loc.gov/catdir/enhancements/fy0712/2004030205-d.html</a> |
| 942 ## - ADDED ENTRY ELEMENTS (KOHA) | |
| Source of classification or shelving scheme | Dewey Decimal Classification |
| Item type | |
| Withdrawn status | Item status | Source of classification or shelving scheme | Damaged status | Not for loan | Vendor | Home library | Current library | Shelving location | Date acquired | Source of acquisition | Cost, normal purchase price | Serial Enumeration / chronology | Total Checkouts | Total Renewals | Full call number | Barcode | Date last seen | Date last borrowed | Koha item type |
|---|---|---|---|---|---|---|---|---|---|---|---|---|---|---|---|---|---|---|---|
| Dewey Decimal Classification | Academic Bookshop | Central Library | Central Library | First floor | 03/05/2011 | 144.00 | 2065 | 7 | 9 | 616.39920231 FLU | 000023518 | 15/07/2025 | 28/02/2024 | Book - Borrowing |